| 000 | 01310nam a22002657a 4500 | ||
|---|---|---|---|
| 008 | 110904m20092007cau|||||r|||| 001 0 eng d | ||
| 020 | _a9781880411421 | ||
| 082 |
_222 _a330.0112 _bSTA |
||
| 100 |
_926961 _aStartz, Richard |
||
| 245 |
_aEViews 7 : _cRichard Startz _bObject Reference / |
||
| 250 | _a2nd ed. | ||
| 260 |
_aIrvine, CA : _bQuantitative Micro Software, 2009. _c2009 |
||
| 300 |
_a760 p. : _b ill. ; _c23 cm. |
||
| 500 | _aIncludes index | ||
| 505 | _av. 1. Eviews fundamentals -- Basic data analysis -- Customizing output -- | ||
| 505 | _av. 2. Basic single equation analysis -- Advanced single equation analysis -- Advanced univariate analysis -- Multiple equation analysis -- Panel and pooled data -- Advanced multivariate analysis. | ||
| 541 | _aMr. Ahmed Swan ; | ||
| 610 |
_913804 _aQuantitative Micro Software (Firm) |
||
| 650 |
_926958 _aEViews (Computer file) _vHandbooks, manuals, etc. |
||
| 650 |
_926959 _aEconomic forecasting _xComputer programs _vHandbooks, manuals, etc. |
||
| 650 |
_926960 _aEconometrics _xComputer programs _vHandbooks, manuals, etc. |
||
| 653 |
_bEco _cSeptember2011 |
||
| 942 |
_2ddc _cBB |
||
| 999 |
_c16077 _d16077 |
||